000 00868nam a2200253Ia 4500
003 OSt
005 20220923212928.0
006 a|||||r|||| 00| 0
007 ta
008 220922b |||||||| |||| 00| 0 hin d
024 _a157,016
037 _cTextual
040 _aARTS
_cARTS
_bhin
041 _2hin
_ahin
082 _aO152:g, N1
100 _aगुप्ता, विश्वम्भर दयाल
245 0 _aसाहित्य सृजन और अन्त
_b क्रिया
246 _aSāhitya sṛujan aur anta: kriyā
260 _aहथरस
_b सीता प्रकाशन
_c1991
300 _a142 पृ.
_ccm.
650 _aहिन्दी साहित्य
_9156264
942 _hO152:g, N1
_cTEXL
_2CC
999 _c312233
_d312233